zpět

Detail výsledku týmu

Expedice, Šternberk

Datum a čas kvízu

15 Celkem bodů Celkový počet nahraných bodů na tomto kvízu bez doplňovacích otázek.
7. Pořadí na kvízu Konečné umístění týmu na tomto kvízu.

Zaznamenané odpovědi

# Otázka Odpověď Body Výsledky
1. Ve středu padla společnost Boh... Pavel Liška, Marek Daniel 0.5
2. Ve stínu událostí českých parl... Ministr zahraničí. 0
3. Svůj poslední koncert po šedes... Spirituál kvintet 0
4. Po 75 letech existence minulý... Alitalia 1
5. Jak se jmenuje desetiletý ryzá... Talent 0
6. Pokřín obecný je rostlina, kte... mandragora 0
7. Túje, dřevina z rodu cypřišovi... zerav 1
8. Vigna zlatá je rostlina z čele... mungo 0
9. Ledvinovník západní je tropick... oříšky kešu 0
10. Kterým slovem na S obecně ozna... sukulenty 1